Spoilery Movie Titles Quiz Stats

Quiz Updated Aug 9, 2015

Also try: Movie by the Twist
Challenge
Share
Tweet
Embed
Score 0/16 Timer 05:00
0 Plays Today
This movie spoils... Movie % Correct
...that the poor Indian boy makes a ton of money.Slumdog Millionaire
90.8%
...that the orca escapes.Free Willy
83.2%
...that the fish is discovered.Finding Nemo
81.6%
...that Darth Vader attacks the rebels.Star Wars: The Empire Strikes Back
78.4%
...that our mammalian brethren take over the world.Rise of the Planet of the Apes/Dawn of the Planet of the Apes
74.6%
...that the knights of the Force do indeed come back.Star Wars: Return of the Jedi
73.9%
...how much time Aron Ralston spends underneath a boulder.127 Hours
62.3%
...that both Andy and Red, in their own ways, reclaim their dignity.The Shawshank Redemption
55.7%
This movie spoils... Movie % Correct
...that the celebrities of this film, playing versions of themselves, witness the apocalypse.This is the End
50.6%
...that this tale of an oil tycoon will result in casualties. There Will Be Blood
48.9%
....exactly how much time Solomon Northup lives in captivity.12 Years A Slave
45.6%
...that the monarch in this epic fantasy movie does rise again.The Lord of the Rings: The Return of the King
41.4%
...that only one member of the four-man American reconnaissance team escapes the Taliban.Lone Survivor
38.8%
...that the eponymous revenge target is indeed eliminated by the end of this film.Kill Bill: Volume 2
33.6%
...that both main characters, minor Shakespearean characters, are hanged by the end of the film.Rosencrantz and Guildenstern Are Dead
23.4%
...that not one of the ten people on the island survive the story.And Then There Were None
14.8%

You're not logged in!

Compare scores with friends on all Sporcle quizzes.
Join for Free
OR
Log In

You Might Also Like...

Show Comments

Extras

Top Quizzes Today


Score Distribution

Your Account Isn't Verified!

In order to create a playlist on Sporcle, you need to verify the email address you used during registration. Go to your Sporcle Settings to finish the process.

Report this User

Report this user for behavior that violates our Community Guidelines.

Details: